[Event "I IRT CXG 2025"]
[Site "Rio de Janeiro"]
[Date "2025.03.22"]
[Round "1.5"]
[White "Rabello, David Sousa"]
[Black "Brito, Vicente De Paulo Al"]
[Result "1-0"]
[WhiteElo "1894"]
[BlackElo "1880"]
[Annotator "Chessbase - SF 17.1"]
[PlyCount "81"]
[EventDate "2025.??.??"]
[EventCountry "BRA"]

{[%evp 0,81,31,39,28,28,72,43,9,16,89,73,150,136,113,95,129,113,107,66,60,59,50,69,60,41,83,71,60,60,57,51,74,31,73,92,77,71,68,76,80,80,83,74,184,119,160,167,284,185,224,177,231,221,194,239,217,179,175,185,200,200,231,238,263,260,251,210,332,248,343,786,1266,1522,1522,1522,29987,2368,29989,2866,3066,29964,29999,29999]} 1. e4 e6 2. d4 d5 3. Nc3 Bb4 4. e5 b6 5. a3 Bf8 6. Nf3 Ne7 7. Bg5 (7. Bd3 Ba6 (7... Qd7 8. b4 c6 9. Rb1 Ba6 10. b5 cxb5 11. Nxb5 Bxb5 12. Bxb5 Nec6 13. a4 a6 14. Bd3 Nb4 15. Be2 Qc7 16. O-O Nd7 17. Bd2 Nc6 18. Bd3 Be7 19. Qe2 Qa7 20. c4) 8. Nb5 (8. Bxa6 Nxa6 9. Qd3 Nb8 10. O-O c5) (8. O-O Bxd3 9. cxd3 Nf5 10. Ne2 Qd7 11. Bf4 Nc6 12. Rc1 O-O-O 13. Rc3 Kb7 14. Qc2 Rc8 15. Rc1 Nb8 16. b4) 8... Nc8 (8... Qd7 9. Qe2 Bb7 10. a4 Nbc6 11. c3 Na5) (8... Nf5 9. g4 Ne7) (8... Ng6 9. h4) 9. O-O (9. Ng5 Qd7 10. Qh5 g6 11. Qf3 Bg7 (11... h6 12. Nxe6 fxe6 13. Bxg6+ Kd8 14. Qf6+ Ne7 15. a4 Rg8 16. Bh7) 12. h4 (12. Qxf7+ Qxf7 13. Nxf7 Bxb5) 12... h6 13. Qxf7+ Qxf7 14. Nxf7 Kxf7 (14... Bxb5 15. Bxg6 O-O 16. Nxh6+) 15. Nxc7 Bxd3 16. cxd3 Nc6 17. Nxa8 Nxd4) 9... Qd7 10. Nc3 (10. Qe2 c6 11. Nc7+ Qxc7 12. Bxa6 Nxa6 13. Qxa6 b5 14. a4 b4) (10. a4 c6 11. Nc3 (11. Na3 Bxd3 12. Qxd3 a5 13. Bd2 Na6) 11... Bxd3 12. Qxd3 c5) 10... Bxd3 11. Qxd3 c5 12. Ne2 c4 (12... Ne7 13. c4) 13. Qd1 b5 14. Ng3 h6 (14... g6 15. Bg5) (14... Be7 15. Nh5 O-O (15... g6 16. Nf6+ Bxf6 17. exf6 Qd8 18. Bg5 h6 19. Bh4 Nd6 20. Ne5 g5 21. Bg3) 16. Ng5 g6 17. Qg4 (17. Nf6+ Bxf6 18. exf6 Qd8 19. Qf3 Nd7) 17... f5 18. Qg3 (18. exf6 gxh5) 18... Nc6 (18... gxh5 19. Nxe6+) 19. Be3 Nb6 20. Nf4 Bxg5 21. Qxg5 Kh8 22. h4) 15. Nh5 Nc6 16. Be3 Nb6 17. Qe2 O-O-O (17... a5 18. Nh4 (18. b3 a4 19. b4 O-O-O) 18... Kd8 19. f4 Be7 20. Nf3 Rg8 21. b3 Kc7 22. Rfb1 a4 23. bxa4 Nxa4 24. Qe1 (24. Rxb5 Nc3) 24... Kb6) 18. b3 Kb8 19. Rfb1 Ka8 20. Nd2 (20. a4 bxa4 21. bxa4 (21. bxc4 Nxc4 22. Nd2 N6a5) 21... Qc7 22. a5 Nd7 23. a6 Rb8) 20... Na5 21. Qe1 Qc6 {Alekseev,E (2677)-Marin,M (2603) Jerusalem 2015 CBM 166 [Marin,Mihail] 1-0 (49)} (21... Rb8 22. Nf3 (22. Ne4 Nxb3 23. cxb3 dxe4) (22. a4 b4) 22... Nc6 23. Bd2 g6 24. Nf6 Qc7)) (7. Ne2 Ba6 8. g3 c5 9. c3 Nbc6 10. h4 Qd7 11. Bh3 Nf5 12. Nf4 cxd4 13. cxd4 Be7 14. Bf1 Bxf1 15. Kxf1 h5 16. Qd3 Rc8 17. Bd2 g6 18. Bc3 Na5 19. Bxa5 bxa5 20. Kg2 O-O 21. Rhc1 Qb7 22. Qd2 Qb3 23. Rxc8 Rxc8 24. Rc1 Rb8 25. Nd3 Qb6 26. Qc3 a4 27. Rc2 Bf8 28. Nc1 Be7 29. Nd3 Kg7 30. Nc1 Bd8 31. Nd3 Qb5 32. Nc5 Ba5 33. Qd3 Qxd3 34. Nxd3 Rb3 35. Rc5 Bb6 36. Rc3 Nxd4 {0-1 Amin,B (2681)-Rodshtein,M (2585) FRA-chT Top 16 Gp Haute Chartres 2022 (3.3)}) 7... Qd7 8. Bd3 Ba6 {[#]} 9. b4 $146 {[%cal Bb2b4,Bb4b5][%mdl 32] White is slightly better.} (9. Qe2 Bxd3 10. Qxd3 Nf5 11. g4 Ne7 12. Bh4 g6 13. Bf6 Rg8 14. Ng5 h6 15. Nh7 Qc6 16. Nxf8 Kxf8 17. h4 Nd7 18. Qe3 h5 19. Qh6+ Ke8 20. Qh7 hxg4 21. Rg1 Nf8 22. Qh6 Nf5 23. Qf4 Nh7 {Kadigamuwa,G-Magnusson,S (1869) Winnipeg 2013 0-1 (67)}) (9. Bxa6 Nxa6 10. Qe2 Nb8 11. h3 h6 12. Be3 Nbc6 13. Nd2 Na5 14. O-O Nf5 15. b4 Nc6 16. Nb3 Be7 17. Na2 Nxe3 18. Qxe3 a5 19. b5 Na7 20. a4 c6 21. bxc6 Qxc6 22. Nc3 Bb4 23. Na2 Qxa4 24. f4 Be7 25. f5 exf5 26. Rxf5 Qc6 27. Raf1 O-O 28. R5f2 Rac8 29. Nbc1 Bg5 30. Qg3 Nb5 31. c3 Nxc3 32. Rf5 Ne4 33. Qg4 g6 34. R5f3 h5 35. Qxc8 Qxc8 36. Rd3 {0-1 Fang,Z (1410)-Xu,S CHN-ch U12 Shanghai 2024 (8)}) 9... Bxd3 10. Qxd3 h6 11. Bd2 Nbc6 12. Ne2 Nf5 $6 {Inaccuracy. Nc8 was best.} (12... Nc8) 13. Rc1 a5 {[%cal Ra5b4]} 14. b5 Na7 15. a4 c5 $6 {Inaccuracy. Rc8 was best.} (15... Rc8 16. Rb1) 16. c4 dxc4 17. Rxc4 (17. Qxc4 $6 cxd4 18. Qd3 (18. Nexd4 Rc8) 18... Bc5) 17... Be7 18. g4 Nh4 19. Nxh4 Bxh4 20. O-O Rd8 21. Be3 Nc8 22. Qc2 cxd4 $2 {Mistake. Be7 was best. [#]} (22... Be7 23. dxc5 (23. Ng3) 23... bxc5) 23. Nxd4 $18 Ne7 24. Nc6 $6 {Inaccuracy. Nf3 was best.} (24. Nf3 Ng6 25. Bxb6 O-O 26. Bxd8 Bxd8 27. Rd1 Qe7 28. Qe4 Qa3 29. Qd3 Qa2) 24... Nxc6 $6 {Inaccuracy. Nd5 was best.} (24... Nd5 25. Nxd8 Bxd8 26. Rd1 O-O 27. Qb3 Qe7 28. g5 hxg5 29. Bc1 Bc7 30. Ba3) 25. bxc6 (25. Rxc6 O-O 26. Bxb6 Ra8 $18) 25... Qc7 26. Qb3 Rb8 27. Rd1 O-O 28. Rd7 Qxe5 29. c7 Rbc8 30. Qxb6 Kh7 31. Qb5 Qa1+ 32. Kg2 (32. Rc1 Qf6 33. Qxa5 Qf3 $18) 32... Qa2 33. Bc5 {[%cal Be3c5,Bc5d4,Bd4f6][%mdl 32]} f5 {[%cal Bh4f2]} 34. Bd4 (34. gxf5 Rxf5 35. Rxh4 Rxc7 $18) 34... e5 $2 {Mistake. Bf6 was best.} (34... Bf6 35. Bb6 (35. Be5 Kh8 36. gxf5 exf5 37. Rc6 Rf7 38. Qd3 Qxa4 39. Rd8+ Kh7 40. Rxf6) 35... Qe2) 35. Qxe5 $1 {[%csl Gd4,Gd7][%cal Re5g7] [#]} Bf6 $4 {Checkmate is now unavoidable. Rf6 was best.} (35... Rf6 36. Rc6 (36. Qc5 Bxf2 37. Bxf2 Rg6 38. Rf4 Qb1 39. Qxf5 Qxf5 40. Rxf5 Rxg4+ 41. Bg3)) 36. Qxf5+ {White mates.} Kh8 37. Bxf6 Qxc4 38. Bxg7+ Kg8 39. Bxf8 Qc6+ 40. f3 Rxf8 41. Qh7# {Weighted Error Value: White=0.19 (very precise) /Black=0.43 Precisão SF 17: Brancas 96% Pretas 90%} 1-0

[Event "I IRT CXG 2025"]
[Site "Rio de Janeiro"]
[Date "2025.03.25"]
[Round "2.1"]
[White "Macario, Jorge Luiz das Chag"]
[Black "Brito, Vicente De Paulo Al"]
[Result "1/2-1/2"]
[WhiteElo "1787"]
[BlackElo "1880"]
[Annotator "Chessbase - SF 17.1"]
[PlyCount "63"]
[EventDate "2025.??.??"]
[EventCountry "BRA"]

1. d4 {[%eval 17,0]} Nf6 {[%eval 19,0]} 2. c4 {[%eval 18,0]} g6 {[%eval 19,0]} 3. Nc3 {[%eval 21,0]} Bg7 {[%eval 51,0]} 4. e4 {[%eval 4,0]} d6 {[%eval 48,0]} 5. f3 {[%eval 26,0]} O-O {[%eval 29,0]} 6. Be3 {[%eval 3,0]} c5 {[%eval 29,0]} 7. Nge2 {[%eval 29,0]} Nc6 {[%eval 42,0]} 8. d5 {[%eval 51,0]} Na5 {[%eval 52,0]} (8... Ne5 9. Ng3 e6 10. Be2 exd5 11. cxd5 b5 12. Nxb5 Rb8 13. O-O a6 14. Nc3 Rxb2 15. Qc1 Rb4 16. Bh6 Bxh6 17. Qxh6 Re8 18. h3 Kh8 19. Qc1 c4 20. Kh2 a5 21. Nd1 h5 22. Qc3 Kg8 23. Ne3 Qb6 24. Nxc4 Qc5 25. Rfc1 h4 26. Nf1 Ba6 27. Nxe5 Qxc3 28. Rxc3 Bxe2 29. Nc6 Bxf1 30. Nxb4 axb4 31. Rc6 Be2 32. Rxd6 Nh5 33. Rb6 Rc8 34. d6 Kg7 35. Rxb4 Nf4 36. Rab1 Rc2 37. R1b2 Rc1 38. e5 {1-0 Salem,A (2631)-Amin,B (2636) Olympiad-45 Budapest 2024 (8.1)}) 9. b3 {[%eval 5,0]} (9. Ng3 a6 10. Be2 Nd7 11. Rc1 b5 12. cxb5 axb5 13. Bxb5 Ne5 14. O-O Nac4 15. Bg5 Bd7 16. Bxd7 Qxd7 17. Qe2 Nxb2 (17... h6 18. Bf4 Rfb8 19. b3 Na3) 18. Qxb2 Nd3 19. Qd2 Nxc1 20. Rxc1 Bxc3 21. Rxc3 Rfb8 22. Qc2 f6 23. Bc1 Qa4 {Svidler,P (2747)-Radjabov,T (2793) London 2013 CBM 154 [Javakhadze,Z/Alejandro Ramirez] 1-0 (55)}) 9... e6 {[%eval 49,0]} 10. Rc1 {[%eval 47,0] White is slightly better.} exd5 {[%eval 55,0] [#]} 11. Nxd5 $6 $146 {[%eval 0,0] Inaccuracy. cxd5 was best.} (11. cxd5 a6 12. Ng3 b5 13. Be2 Re8 14. O-O Bb7 (14... Bd7 15. Re1 b4 16. Nb1 Bb5 17. Bg5 h6 18. Bf4 Qb6 19. Kh1 Rac8 20. Nd2 Nd7 21. Nc4 Bxc4 22. Bxc4 Nxc4 23. Rxc4 a5 24. Nf1 Ne5 25. Rc2 c4 26. bxc4 Nxc4 27. Qe2 Na3 28. Rxc8 Rxc8 29. Rc1 Rxc1 30. Bxc1 Qb5 31. Qxb5 Nxb5 32. Ne3 Nc3 33. a3 Ne2 34. axb4 axb4 35. Bd2 b3 36. Nc4 h5 37. Bb4 b2 38. Nd2 Bc3 {0-1 Toktomushev,T (2295)-Anton Guijarro,D (2669) Titled Tuesday intern op 21st May Early Chess.com INT blitz 2024 (3)}) 15. Bd2 Nd7 16. Bd3 c4 17. bxc4 Ne5 18. Be3 Naxc4 19. Bxc4 bxc4 20. Qa4 Bc8 21. Rb1 Bd7 22. Qa3 Nd3 23. Nge2 Bb5 24. Nc1 Qf6 25. Nxd3 Qxc3 {Rietze,C (2279)-Kanarek,M (2484) Germany 2021 0-1 (46)}) 11... Nxd5 {[%eval 0,0]} 12. Qxd5 {[%eval 28,0]} (12. exd5 Re8 13. Qd2 a6 $15) 12... Be6 {[%eval 0,0]} 13. Qd2 {[%eval 1,0]} Nc6 {[%eval 7,0]} 14. g3 {[%eval 44,0]} Re8 {[%eval 27,0]} 15. Bg2 {[%eval 34,0]} f5 $6 {[%eval 21,0] Inaccuracy. a5 was best.} (15... a5 16. a4) 16. O-O {[%eval 19,0]} Qb6 {[%eval 52,0]} 17. Nc3 {[%eval 37,0]} (17. Qxd6 $2 Nd4 18. Qxb6 Nxe2+ 19. Kh1 axb6 $19) 17... Nd4 {[%eval 4,0]} 18. Rce1 $6 {[%eval 25,0] Inaccuracy. exf5 was best.} (18. exf5 Nxf5) 18... a6 $6 {[%eval 81,0] Inaccuracy. Qa5 was best.} (18... Qa5) 19. f4 $6 {[%eval 1,0] Inaccuracy. exf5 was best.} (19. exf5) 19... fxe4 {[%eval 27,0]} 20. Bxe4 {[%eval 41,0] Hoping for Nd5.} Bxc4 $4 {[%eval 476,0][%mdl 8192] Blunder. Qb4 was best. [#]} (20... Qb4 21. Nd5) 21. Bxd4 $4 {[%eval -288,0][%mdl 8192] Blunder. bxc4 was best.} (21. bxc4 Kh8 22. Bd5 Nf5 23. Bf2 Qb4 24. Ne4 Qxd2 25. Nxd2 Rxe1 26. Rxe1 Bc3) 21... Bxd4+ $19 {[%eval -287,0]} (21... cxd4 22. Na4 Qb5 23. bxc4 Qxa4 24. Bxb7 Rxe1 25. Rxe1 $14) 22. Kg2 {[%eval -292,0]} Bf7 $4 {[%eval 6,0] Blunder. Bxf1+ was best.} (22... Bxf1+ 23. Kxf1 (23. Rxf1 Qb4 24. Rf3 Kh8 25. Bd5 Rad8 26. h4 b5 27. Qc2 Re1 28. f5) 23... Kh8) 23. Nd5 {[%eval 5,0] The position is equal.} Qd8 {[%eval 8,0][%cal Be8e4] [#] Threatens to win with ...Rxe4!} 24. Bf3 {[%eval 16,0]} Rb8 {[%eval 0,0]} 25. Rxe8+ {[%eval 0,0]} Bxe8 {[%eval 0,0]} 26. Re1 {[%eval 0,0][%cal Bf4f5]} Bf7 {[%eval 0,0]} 27. Ne7+ {[%eval 14,0]} Kg7 {[%eval 19,0] With the idea ...Qd7.} 28. f5 {[%eval 18,0]} Bf6 {[%eval 11,0]} 29. fxg6 {[%eval 8,0]} hxg6 {[%eval 16,0]} (29... Bxg6 30. Nxg6 hxg6 31. Re6 $16) 30. Nd5 {[%eval 23,0]} Bxd5 {[%eval 16,0]} 31. Qxd5 {[%eval 11,0]} Be5 {[%eval 19,0]} 32. Be4 {[%eval 1,0] Weighted Error Value: White=0.36/Black=0.62 Precisão SF17: Brancas 72% Pretas 80%} 1/2-1/2

[Event "I IRT CXG 2025"]
[Site "Rio de Janeiro"]
[Date "2025.03.25"]
[Round "2.2"]
[White "Chaves, Jorge Antonio Torre"]
[Black "Rabello, David Sousa"]
[Result "1-0"]
[WhiteElo "1873"]
[BlackElo "1894"]
[Annotator "Chessbase - SF 17.1"]
[PlyCount "85"]
[EventDate "2025.??.??"]
[EventCountry "BRA"]

1. b3 {[%eval 0,0]} g6 {[%eval 18,0]} 2. Bb2 {[%eval 17,0]} Nf6 {[%eval 16,0]} 3. c4 {[%eval 5,0]} Bg7 {[%eval 16,0]} 4. Nf3 {[%eval 0,0]} O-O {[%eval 0,0]} 5. g3 {[%eval 5,0]} d5 {[%eval 24,0]} 6. Bg2 {[%eval 11,0]} Nc6 {[%eval 13,0]} (6... dxc4 7. bxc4 c5 8. O-O Nc6 9. d3 Qc7 10. Nc3 e5 11. Rb1 Bg4 12. h3 Be6 13. Ng5 Bd7 14. Nd5 Nxd5 15. cxd5 Nd4 16. Bxd4 exd4 17. d6 Qxd6 18. Rxb7 Rab8 19. Rxa7 Bf5 20. Qc2 Rb4 21. a3 Rb5 22. Rxf7 Rxf7 23. Nxf7 Qd7 24. Nd6 {1-0 Le,Q (2731)-Bacrot,E (2677) Titled Tuesday intern op 02nd Jul Early Chess.com INT blitz 2024 (8)}) 7. cxd5 {[%eval 12,0]} Nxd5 {[%eval 14,0]} 8. Bxg7 {[%eval 26,0]} Kxg7 {[%eval 9,0] [#] White has an edge.} 9. h4 $146 {[%eval 2,0]} (9. Nc3 Nxc3 10. dxc3 f6 11. O-O e5 12. Qxd8 Rxd8 13. Rfd1 Be6 14. Ne1 Rxd1 15. Rxd1 Rd8 16. Rxd8 Nxd8 17. Nd3 b6 18. Nb4 c5 19. Nc6 Nxc6 20. Bxc6 Kf7 21. c4 Ke7 22. e4 Bg4 23. Kg2 Bd1 {Plucani,G (1415)-Salati,P (1776) Salsomaggiore Terme 2016 1-0 (49)}) (9. d4 Bg4 (9... Nb6 10. Nc3 Bg4 11. d5 Bxf3 12. Bxf3 Ne5 13. Bg2 Kg8 14. O-O c6 15. f4 Ng4 16. dxc6 Ne3 17. Qxd8 Raxd8 18. cxb7 Nxf1 19. Kxf1 e6 20. Rc1 Rb8 21. Rd1 Rfd8 22. Rc1 Nd5 23. Nxd5 exd5 {Mazhkenov,A (2118)-Ermekbaev,I (1621) Almaty KAZ 2024 1-0 (31)}) (9... Bf5 10. O-O Ndb4 11. Na3 a5 12. Qc1 Be4 13. Rd1 e6 14. Qb2 Qf6 15. Rd2 Rfd8 16. Rad1 a4 17. Nb5 axb3 18. axb3 Ra2 19. Qc3 Rxd2 20. Rxd2 Nd5 21. Qb2 Ra8 22. Kh1 Ra5 23. Nc3 Nxc3 24. Qxc3 Rd5 25. Qe3 Bxf3 26. Bxf3 Rxd4 27. Rc2 Rd6 28. Kg2 e5 29. Rc5 Re6 30. Bd5 Re7 31. Qc3 Nd4 32. Qe3 Qd6 33. b4 b6 {0-1 Grischuk,A (2767)-Morozevich,A (2665) Moscow Tal Memorial blitz 11th 2018 (11)}) 10. O-O Nf6 (10... Nb6 11. e3 e5 12. dxe5 Qxd1 13. Rxd1 Nxe5 14. Nbd2 Nxf3+ 15. Nxf3 Rad8 16. h3 Bxf3 17. Bxf3 c6 18. h4 Kf6 19. Kf1 Ke5 20. Ke2 f5 21. Rac1 Ke6 22. b4 a6 23. a3 Na4 {Romero Pallares,D (2275)-Kilic,E (2418) chess.com INT 2023 0-1 (60)}) 11. h3 Bxf3 12. Bxf3 Qxd4 13. Na3 Qb4 14. Nc2 Qb6 15. Qd2 Rad8 16. Qc3 Nd4 17. Nxd4 Rxd4 18. Bxb7 Rfd8 19. Bf3 e5 20. Rac1 e4 21. Bg2 R8d7 22. h4 Nd5 23. Qb2 Nf6 {Blanco Diez,D (2290)-Cuenca Jimenez,J (2479) chess.com INT 2025 1-0 (58)}) 9... Nf6 {[%eval 15,0]} 10. d3 {[%eval 1,0]} e5 {[%eval 12,0]} 11. Nbd2 {[%eval 16,0] Inhibits e4.} Re8 {[%eval 14,0]} 12. a3 {[%eval 2,0]} Bg4 {[%eval 7,0]} 13. b4 {[%eval 33,0]} a6 {[%eval 17,0]} 14. Rc1 {[%eval 12,0]} Qd7 {[%eval 31,0]} 15. O-O {[%eval 34,0]} Bh3 $6 {[%eval 95,0] Inaccuracy. Rad8 was best.} (15... Rad8) 16. Bxh3 $6 {[%eval 22,0] Inaccuracy. Rc4 was best.} (16. Rc4 Bxg2) 16... Qxh3 {[%eval 2,0]} 17. Ng5 {[%eval 25,0]} Qg4 {[%eval 74,0]} 18. Rc4 {[%eval 67,0]} (18. Qb3 Qd7) 18... Qf5 {[%eval 79,0]} 19. Kg2 {[%eval 67,0]} Rad8 {[%eval 68,0]} 20. f3 $2 {[%eval 5,0] Mistake. Qa1 was best.} (20. Qa1) 20... Qd7 {[%eval 6,0]} 21. Rh1 $6 {[%eval 65,0] Inaccuracy. Nb3 was best.} (21. Nb3) 21... h6 {[%eval 38,0]} 22. Nge4 {[%eval 33,0]} Nd5 {[%eval 37,0] [#] aiming for ...Ne3+.} 23. Qg1 {[%eval 58,0] Prevents Ne3+.} b6 {[%eval 61,0]} 24. Nf1 $6 {[%eval -75,0] Inaccuracy. Nc3 was best.} (24. Nc3) 24... f5 {[%eval -77,0] White must now prevent ...Nd4.} 25. Ned2 {[%eval -56,0]} Nd4 {[%eval -56,0] And now ...b5 would win.} 26. Qf2 {[%eval -61,0]} Qa4 $2 {[%eval 3,0] Mistake. f4 was best. [#] Strongly threatening ...b5.} (26... f4 27. Ne4 fxg3 28. Nexg3 Nf4+ 29. Kg1 b5 30. Rc1 Nh3+ 31. Rxh3 Qxh3 32. Rxc7+) 27. e4 {[%eval 12,0]} fxe4 {[%eval 0,0]} 28. dxe4 {[%eval 1,0]} Nf6 {[%eval 7,0]} 29. Rxc7+ {[%eval 4,0]} Rd7 {[%eval 1,0]} 30. Rxd7+ {[%eval 9,0]} Nxd7 $6 {[%eval 66,0] Inaccuracy. Qxd7 was best.} (30... Qxd7 31. Ne3) 31. Nb1 $6 {[%eval 37,0][%cal Bd2b1,Bb1c3,Bc3d5][%mdl 32] Inaccuracy. Nc4 was best.} (31. Nc4 Qb3) 31... Rc8 {[%eval 0,0][%mdl 1024] Black has compensation.} (31... Rf8 $5 {[%cal Rf8f3]} 32. Nfd2 Qc2) 32. Ne3 {[%eval 0,0]} Qb3 {[%eval 3,0]} 33. Qd2 {[%eval 0,0]} Qe6 $2 {[%eval 106,0] Mistake. b5 was best.} (33... Nf6 {and Black stays safe.} 34. Rc1 Rf8) (33... b5 34. f4 Nf6 35. fxe5 Ng4 36. Re1 Rc2 37. Nxc2 Qf3+ 38. Kh3 Nf2+ 39. Kh2) 34. Nc3 $18 {[%eval 166,0]} Nb8 $6 {[%eval 261,0] Inaccuracy. Nf6 was best.} (34... Nf6 35. Ncd5 Qc6 36. Rd1 Nxd5 37. exd5 Qf6 38. Rf1 h5 39. Qd3 Rc7 40. f4) 35. Ncd5 {[%eval 202,0]} (35. Ng4 h5 36. Ne3 (36. Qh6+ Kg8 $15) 36... Nd7 $16) 35... b5 {[%eval 253,0]} 36. h5 {[%eval 276,0] hxg6 is the strong threat.} (36. Ng4 $2 Rc2 37. Qxc2 Nxc2 $19) 36... g5 {[%eval 258,0]} 37. g4 {[%eval 231,0]} Qf7 {[%eval 286,0]} 38. Nf5+ {[%eval 275,0]} Kh7 {[%eval 292,0]} 39. Nxd4 {[%eval 291,0]} exd4 {[%eval 284,0]} 40. Rc1 {[%eval 206,0]} (40. Qxd4 Rc2+ 41. Kg3 Nc6 $18) 40... Nc6 {[%eval 284,0][%cal Bc6e5]} 41. f4 {[%eval 223,0] Prevents Ne5.} gxf4 $6 {[%eval 354,0] Inaccuracy. Qe6 was best.} (41... Qe6 42. Kh3 Rg8 43. f5 Qd6 44. Qc2 Rc8 45. Qf2 Qe5 46. Qg3 Qxg3+ 47. Kxg3) 42. Qxf4 {[%eval 351,0]} Qg7 $4 {[%eval 1192,0] Blunder. Kg7 was best.} (42... Kg7 43. Qf5 (43. Qd6 Rf8 $16) 43... Qxf5 44. gxf5 d3) 43. Qf5+ {[%eval 1113,0] Weighted Error Value: White=0.22 (precise) /Black=0.38 Precisão SF17: Brancas 93% Pretas 87%} 1-0

[Event "I IRT CXG 2025"]
[Site "Rio de Janeiro"]
[Date "2025.03.25"]
[Round "2.3"]
[White "Mendes, Jorge Alberto Dacal"]
[Black "Nogueira, Adnilton Correia de"]
[Result "0-1"]
[WhiteElo "1870"]
[BlackElo "1745"]
[Annotator "Chessbase - SF 17.1"]
[PlyCount "54"]
[EventDate "2025.??.??"]
[EventCountry "BRA"]

1. e4 {[%eval 18,0]} e5 {[%eval 21,0]} 2. Nf3 {[%eval 13,0]} d6 {[%eval 48,0]} 3. d4 {[%eval 58,0]} Bg4 {[%eval 95,0]} 4. d5 {[%eval 43,0]} (4. dxe5 Nc6 5. exd6 Bxd6 6. h3 Bh5 7. Nc3 Qe7 8. Bb5 Nf6 9. Bg5 h6 10. Bxf6 Qxf6 11. Qd5 Bxf3 12. Bxc6+ Ke7 13. Bxb7 Bxg2 14. e5 Bxe5 15. Qc5+ Bd6 16. Bxg2 Bxc5 17. Nd5+ Kd6 18. Nxf6 Rae8+ 19. Nxe8+ Rxe8+ 20. Kf1 {1-0 Nakamura,H (2802)-Arslanov,S (2410) Titled Tuesday intern op 09th Jul Early Chess.com INT blitz 2024 (9)}) 4... Be7 {[%eval 45,0] [#]} (4... f5 5. h3 Bxf3 6. gxf3 Qh4 7. Bd3 fxe4 8. fxe4 Nf6 9. Qe2 g6 10. Nc3 Bh6 11. Be3 O-O 12. O-O-O Bxe3+ 13. fxe3 Nbd7 14. Rdg1 Nc5 15. Qg2 Rf7 16. b4 Nxd3+ 17. cxd3 a5 18. bxa5 Rxa5 19. Rf1 {Hernandez Gonzalez,W (2487)-Arslanov,S (2410) chess.com INT 2023 0-1 (55)}) 5. Qd3 $146 {[%eval 27,0]} (5. Nbd2 Nd7 6. h3 Bh5 7. Bb5 a6 8. Ba4 b5 9. Bb3 Nc5 10. O-O Nf6 11. Re1 O-O 12. Qe2 Nfd7 13. g4 Bg6 14. c3 h5 15. Bc2 hxg4 16. hxg4 Nf6 17. Nh2 Qd7 18. Qf3 Nh7 19. Qg3 c6 {Elihimas,F (1835)-De Macedo,L (1691) Recife 2013 1-0 (42)}) (5. h3 Bd7 6. Bd3 Na6 7. Bxa6 bxa6 8. c4 h6 9. O-O Nf6 10. Nc3 O-O 11. Nh2 Nh7 12. Be3 Bg5 13. Qe2 Qf6 14. b4 c6 15. c5 Bxe3 16. Qxe3 dxc5 17. bxc5 Qf4 18. Qd3 a5 19. dxc6 Bxc6 {Muratov,L (2152)-Khanolkar,D St Gallen 2008 1-0 (47)}) (5. Be2 Nf6 (5... Nd7 6. Nc3 a6 7. h3 Bh5 8. g4 Bg6 9. Bd3 h6 10. Be3 b5 11. Ne2 Bg5 12. h4 Bxe3 13. fxe3 Nc5 14. b4 Nxd3+ 15. Qxd3 Nf6 16. Nh2 Bxe4 17. Qd2 Bxh1 18. Kf2 Ne4+ 19. Kg1 Nxd2 20. Rd1 Nf3+ 21. Kxh1 Qxh4 22. Nc3 Qxh2# {0-1 Luettge,S-Helbig,H Rangliste 1000-1300 23617 freechess.de 2022}) 6. Nc3 O-O 7. O-O Nbd7 8. h3 Bh5 9. Bg5 Nc5 10. Bxf6 Bxf6 11. Nd2 Bg6 12. Bh5 Bxh5 13. Qxh5 g6 14. Qe2 Bg7 15. Nb3 Nd7 16. Qd3 f5 17. exf5 Rxf5 18. Ne4 Qe7 19. Ng3 Rf4 {Balcerak,P-Weissgerber,F Polch 1993 0-1}) 5... Nf6 {[%eval 32,0]} 6. Be2 {[%eval 21,0]} O-O {[%eval 23,0]} 7. Nc3 {[%eval 13,0]} Nbd7 {[%eval 9,0]} 8. Be3 {[%eval 5,0] The position is equal.} Nc5 $6 {[%eval 58,0] Inaccuracy. c6 was best.} (8... c6 9. h3) 9. Bxc5 {[%eval 63,0]} dxc5 $6 {[%eval 119,0] Inaccuracy. Bxf3 was best.} (9... Bxf3) 10. h3 $6 {[%eval 2,0] Inaccuracy. Nxe5 was best.} (10. Nxe5 Bxe2) 10... Bxf3 {[%eval 18,0]} 11. Bxf3 {[%eval 22,0]} Bd6 {[%eval 64,0]} 12. O-O-O $6 {[%eval 11,0] Inaccuracy. Nd1 was best.} (12. Nd1) 12... a6 {[%eval 13,0]} 13. g4 $6 {[%eval -97,0] Inaccuracy. Nb1 was best.} (13. Nb1 Ne8) 13... b5 {[%eval -98,0]} 14. g5 {[%eval -93,0]} Nd7 {[%eval 99,0]} 15. Rdg1 {[%eval -99,0]} c4 {[%eval -88,0]} 16. Qd2 {[%eval -32,0]} Nc5 {[%eval -64,0]} 17. a3 $6 {[%eval -199,0] Inaccuracy. h4 was best.} (17. h4 b4 18. Nd1 c3 19. bxc3 Rb8 20. Ne3 bxc3 21. Qxc3 Qd7 22. Kd1 Qa4) 17... Rb8 {[%eval -7,0] ...b4 is the strong threat.} 18. Nd1 $6 {[%eval -193,0][%cal Bc3d1,Bd1e3,Be3g4,Bg4f6][%mdl 32] Inaccuracy. Na2 was best.} (18. Na2 Qe8 19. Nb4 a5 20. Nc6 b4 21. Qe2 bxa3 22. bxa3 Rb6 23. h4 f5) 18... Qe7 $6 {[%eval -2,0] Inaccuracy. b4 was best.} (18... b4 19. axb4 Rxb4 20. h4 Qe8 21. Qxb4 Nd3+ 22. cxd3 Bxb4 23. dxc4 Qa4 24. Be2) 19. Ne3 {[%eval -142,0]} g6 $6 {[%eval -54,0][%cal Bb5b4] Inaccuracy. b4 was best.} (19... b4 20. Nxc4 bxa3 21. bxa3 Na4 22. Kd1 f5 23. Nxd6 Qxd6 24. exf5 e4 25. Bg4) 20. Ng4 {[%eval -11,0]} b4 {[%eval -178,0] Hoping for ...bxa3.} 21. Nf6+ {[%eval -182,0]} (21. axb4 Rxb4 $1 22. Nf6+ Kh8 $17) 21... Kh8 {[%eval -184,0] [#] Threatens to win with ...bxa3.} 22. axb4 {[%eval -181,0]} {[%tqu "En","","","","b8b4","",10]} Rxb4 {[%eval -188,0][%mdl 512] And now ...Rfb8 would win.} 23. Rg4 $2 {[%eval -239,0] Mistake. h4 was best. Black must now prevent Rh4.} (23. Qxb4 Nd3+ $1 {[%mdl 512]} 24. cxd3 Bxb4 25. dxc4 Qc5 $19) (23. h4 Rfb8) 23... h6 $4 {[%eval 257,0][%mdl 8192] Blunder. Nd7 was best.} (23... Nd7) 24. Rh4 $18 {[%eval 297,0]} (24. Qxb4 $2 Nd3+ $1 25. cxd3 Bxb4 $19) 24... Kg7 {[%eval 207,0]} 25. gxh6+ $4 {[%eval -488,0][%mdl 8192] Blunder. Rxh6 was best. [#]} (25. Qxb4 $2 {is the wrong capture.} Nd3+ $1 {[%mdl 512]} 26. cxd3 Bxb4 27. Rxh6 Rh8 28. Rxh8 Kxh8 29. dxc4 Qc5 $19) (25. Rxh6 Rh8 26. h4 (26. Rxh8 Kxh8 27. h4 Nd7 28. h5 Nxf6 29. hxg6+ Kg8 30. c3 Rb8) 26... Rxh6 27. gxh6+ Kh8 28. Qg5) 25... Kh8 $19 {[%eval -482,0] Black is clearly winning.} 26. Qg5 {[%eval -479,0]} Rfb8 {[%eval -362,0]} 27. Bd1 $6 {[%eval -412,0] Inaccuracy. Rg4 was best.} (27. Rg4 Rxb2 28. Kd1) 27... Nd7 {[%eval -412,0] Weighted Error Value: White=0.87/Black=0.61 Precisão SF17: Brancas 67% Pretas 76%} 0-1